| 000 | 01073nam a2200241Ia 4500 | ||
|---|---|---|---|
| 999 |
_c4060 _d4060 |
||
| 003 | OSt | ||
| 005 | 20200609150722.0 | ||
| 008 | 191128s1999 ck a gr 000 j spa d | ||
| 020 | _a9580423784 | ||
| 040 |
_aCO-JMCR _cCO-JMCR |
||
| 041 | _aspa | ||
| 082 | 0 | 4 |
_aC / _bWILc |
| 100 | 1 |
_aWilde, Oscar, _d1854-1900 _eautor _95266 |
|
| 245 | 1 | 0 |
_aCuentos de Oscar Wilde / _btraducción María del Mar Ravassa ; ilustraciones Patricia Rodríguez |
| 260 |
_aBogotá : _bNorma, _c1999 |
||
| 300 |
_a126 páginas : _bilustraciones en blanco y negro ; _c 19 cm. |
||
| 490 | _aTorre de papel. Torre amarilla | ||
| 500 | _aRecomendado a partir de 11 años. | ||
| 505 | _aEl ruiseñor y la rosa -- El príncipe feliz -- El cohete extraordinario -- El joven rey -- El amigo fiel -- El gigante egoísta | ||
| 520 | _aEn estos relatos se evidencia un rechazo a falsos valores como el egreimiento, el poder y la figuración social. En cambio, se exaltan la modestia, el trabajo, la sensibilidad social y el verdadero amor. | ||
| 650 | 1 | 4 |
_aLiteratura infantil _95267 |
| 942 |
_2ddc _cBK |
||